| 000 | 02242cam a22004457a 4500 | ||
|---|---|---|---|
| 001 | 4308 | ||
| 003 | FISKH | ||
| 005 | 20240717095230.0 | ||
| 008 | 110201s2009 nyua j 001 1 eng d | ||
| 010 | _a 2010525725 | ||
| 020 | _a9781597071444 (hc.) | ||
| 020 | _a1597071447 (hc.) | ||
| 020 | _a9781597071437 (pbk.) | ||
| 020 | _a1597071439 (pbk.) | ||
| 040 |
_aBTCTA _cBTCTA _dLPU _dWIM _dUPZ _dFTL _dDLC _beng |
||
| 050 | _aPN6728.N29 | ||
| 082 | _a741.5 | ||
| 100 | 1 | _aPetrucha, Stefan. | |
| 245 | 1 | 0 |
_aNight of the living chatchke / _cStefan Petrucha & Sarah Kinney, writers ; Sho Murase, artist ; with 3D CG elements and color by Carlos Jose Guzman. |
| 260 |
_aTsuen Wan : _bSimon & Schuster, _c2009 |
||
| 300 |
_a76 unnumbered pages : _bcolor illustrations ; _c19 cm |
||
| 490 | 0 |
_aNancy Drew, girl detective ; _vBook 17 |
|
| 500 | _a"Based on the series by Carolyn Keene." | ||
| 520 | _a"Nancy Drew travels to Turkey with her father, attorney Carson Drew, who plans to negotiate the sale of an ancestral estate belonging to one of his clients. When Nancy finds that mysterious artifacts have been disappearing from the estate, she turns her suspicions to Harland Severino, a rich man who desperately wants to purchase it. Nancy does some sleuthing that leads her beneath the property into an environment no one could've guessed what lay there: the ancient ruins of a city long forgotten by time, filled with priceless ancient artifacts that grave robbers will do anything to get at!" -- from publisher's web site. | ||
| 600 | 1 | 0 |
_aDrew, Nancy _c(Fictitious character) _vComic books, strips, etc. |
| 600 | 1 | 1 |
_aDrew, Nancy _c(Fictitious character) _vFiction. |
| 650 | 0 |
_aAdventure and adventurers _vComic books, strips, etc. |
|
| 650 | 1 | _aCartoons and comics. | |
| 650 | 1 |
_aAdventure and adventurers _vFiction. |
|
| 650 | 1 | _aMystery and detective stories. | |
| 651 | 0 |
_aTurkey _xAntiquities _vComic books, strips, etc. |
|
| 651 | 1 |
_aTurkey _xAntiquities _vFiction. |
|
| 655 | 0 | _aGraphic novels. | |
| 655 | 0 | _aComic books, strips, etc. | |
| 700 | 1 |
_aKinney, Sarah. _eAuthor |
|
| 700 | 1 |
_aMurase, Sho, _eillustrator |
|
| 906 |
_a7 _bcbc _ccopycat _d2 _encip _f20 _gy-gencatlg |
||
| 942 |
_2ddc _cBK _n0 |
||
| 999 |
_c4308 _d4308 |
||